Strengthengning of island fisheries information systems in the Lower Mekong basin (Basin Wide)

Guardado en:
Detalles Bibliográficos
Formato: Libro
Lenguaje:Undetermined
Publicado: The Mekong River Commission Secretariat 1996
Materias:
Etiquetas: Agregar Etiqueta
Sin Etiquetas, Sea el primero en etiquetar este registro!
Thư viện lưu trữ: Trung tâm Học liệu Trường Đại học Cần Thơ
LEADER 00547nam a2200169Ia 4500
001 CTU_149678
008 210402s9999 xx 000 0 und d
082 |a 333.91 
082 |b S914/1996 
245 0 |a Strengthengning of island fisheries information systems in the Lower Mekong basin 
245 0 |b (Basin Wide) 
245 0 |c 1996 
260 |b The Mekong River Commission Secretariat 
260 |c 1996 
650 |a Fisheries management,Quản lý nghề cá 
904 |i Nguyên 
980 |a Trung tâm Học liệu Trường Đại học Cần Thơ